000 00738nam a2200253Ia 4500
003 OSt
005 20220928113637.0
006 a|||||r|||| 00| 0
007 ta
008 220927b |||||||| |||| 00| 0 eng d
020 _cUKP 29.99
024 _a136156
037 _b56, 13/10/2017, Better Book Service
_cTextual
040 _aSDCL
_cSDCL
_beng
041 _2eng
_aeng
082 _aS:3, Q7
100 _aGennaro Rocco J.
_9434172
245 0 _aConsciousness (New problems of Philosophy series)
260 _aLondon
_bRoutledge
_c2017
300 _avii,243p.
_ccm.
650 _aPhilosophy
942 _hS:3, Q7
_cTEXL
_2CC
999 _c750549
_d750549